Word Ladder: Well, If You Say So Quiz Stats

Quiz Updated Sep 13, 2016

Challenge
Share
Tweet
Embed
Score 0/11 Timer 01:30
0 Plays Today
Hint 4-Letter Word % Correct
Thin Lizzy song, 'The ___ Are Back in Town'● BOY'S ●
97%
Actor Damon or LeBlanc, e.g.MATT
96%
An annoyance or an insectPEST
94.6%
One of three X-Mas spirits to visit ScroogePAST
94.2%
The support structure of a schoonerMAST
92.5%
Nickname for Steinbrenner or SpringsteenBOSS
91%
Original Beatles drummer, Pete ___● BEST ●
90.1%
Harry S. Truman's wifeBESS
89.5%
Chess coup de grâce● MATE? ●
86.1%
Nickname of singer Cass Elliot● MAMA ●
69.7%
1974 movie title role played by Lucille BallMAME
66.4%

Today's Daily Dose

Missing Word
NPR Programs

Quick Pick
1991 Events

On This Day
June 18th II

You're not logged in!

Compare scores with friends on all Sporcle quizzes.
Join for Free
OR
Log In

You Might Also Like...

Show Comments

Extras

Top Quizzes Today


Score Distribution

Your Account Isn't Verified!

In order to create a playlist on Sporcle, you need to verify the email address you used during registration. Go to your Sporcle Settings to finish the process.

Report this User

Report this user for behavior that violates our Community Guidelines.

Details: